Most recurrent words in London Underground Stations - Statistics

General Stats
  • This quiz has been taken 44 times
  • The average score is 34 of 65
Answer Stats
Occurences Word % Correct
24 Park
97%
12 Road
97%
4 St
97%
9 East
90%
7 North
90%
8 South
90%
9 West
90%
10 Green
83%
5 Lane
83%
4 Square
83%
9 Street
83%
5 Central
80%
2 Circus
80%
3 Bridge
73%
5 Town
73%
4 Acton
70%
4 Cross
67%
4 Ealing
67%
2 Gate
67%
4 Wood
67%
6 &
63%
3 Court
63%
3 Garden(s)
63%
3 Heathrow
63%
3 Broadway
60%
5 Ruislip
60%
3 Clapham
57%
2 Common
57%
4 Kensington
57%
4 Finchley
53%
2 Ham
53%
5 Harrow
53%
3 Wimbledon
53%
2 Bow
50%
2 Euston
47%
2 High
47%
3 Hounslow
47%
2 Oak
47%
2 Royal
47%
3 Wembley
47%
3 Manor
43%
2 Dagenham
40%
3 Edgware
40%
2 Tooting
40%
2 Aldgate
37%
2 House
37%
2 Tottenham
37%
2 Putney
33%
2 Grove
30%
2 Hampstead
30%
2 Kenton
30%
2 Kilburn
30%
2 Upminster
30%
2 Sudbury
27%
2 Willesden
27%
10 Hill(s)
23%
3 Terminal(s)
23%
2 Bush
20%
2 Shepherd
20%
2 Woodford
20%
2 Northwood
17%
2 Latimer
10%
2 Paddington
10%
2 Hammersmith
7%
2 Elm(s)
3%
No matching quizzes found
Score Distribution
Percent of People with Each Score
Percentile by Number Answered
Your Score History
You have not taken this quiz